PLK - Paroles Dingue - Statistiques

Statistiques générales
  • Ce quiz a été pris 60 fois
  • Le résultat moyen est 281 sur 413
Statistiques - réponses
Réponse % Correct
Un
100%
un
100%
din
98%
L
98%
la
98%
P,
98%
dingue
96%
dingue,
96%
de
94%
truc
94%
Truc
94%
dans
92%
m'a
92%
Le
90%
le
90%
lé-lé
90%
dit
88%
Il
88%
il
88%
une
87%
est
85%
pure
85%
qui
85%
s'en
85%
anciens
83%
jamais
83%
j'marchais
83%
mes
83%
83%
que
83%
rap
83%
bolos
81%
remis,
81%
d'mes
79%
dure
79%
fois
79%
j'lui
79%
euros,
77%
jcompte
77%
j'compte
77%
Lundi,
77%
ramené
77%
rappelé
77%
qu'c'était
75%
tapait
73%
avais
71%
Polak
67%
Polak,
67%
Au
65%
au
65%
baise
60%
les
60%
ue-r
60%
aux
58%
bellek
58%
pour
58%
tu
58%
blanc,
56%
trous
56%
mon
54%
qu'elle
54%
c'est
52%
C'est
52%
compétition,
52%
pas
52%
pas,
52%
petit
52%
ans
50%
d'boulettes,
50%
et
50%
milli'
50%
monte
50%
Si
50%
tête
50%
vingt-et-un
50%
gros,
48%
j'ai
48%
j'suis
48%
lé-lé-lé
48%
Mais
48%
mal
48%
peux
48%
sans
48%
signe
48%
Toujours
48%
connard
46%
d'la
46%
Lunettes
46%
noires
46%
pèse
46%
Premier
46%
teintées,
46%
vitre,
46%
baises
44%
branler
44%
m'le
44%
oseille,
44%
qu'je
44%
ses
44%
tué
44%
9
42%
Hé,
42%
42%
ouais
42%
Belvé
40%
des
40%
eh
40%
J'baisse
40%
j'montre
40%
montre
40%
réédition
40%
ça
38%
comme
38%
foulek,
38%
J'parle
38%
léwé
38%
questions,
38%
tel-hô,
38%
tel-hô
38%
trop,
38%
centaines
37%
d'euros,
37%
ler-ler
37%
l'OPJ
37%
milliers
37%
nique
37%
Plusieurs
37%
wé-wé
37%
mère
35%
on
35%
perroquets
35%
blondinet
33%
cuir
33%
j'fais
33%
m'rappelle
33%
qu'te
33%
c'que
31%
fe-neu,
31%
J'me
31%
nous,
31%
Sale
31%
tes
31%
l'émission,
29%
répète
29%
éditions,
27%
main
27%
rapp'ler
27%
sens
27%
t'branler
27%
gauche,
25%
Faut
23%
n'adhère
23%
teh
23%
bec
21%
Hey
21%
hey
21%
She-fla
21%
sons,
21%
Concu'
17%
d'bullets
17%
mens
17%
Oh,
17%
oh
17%
Oh
17%
maîtriser
12%
tentées,
2%
Aucun quiz correspondant
Distribution des résultats
% des personnes avec chaque résultat
Percentile par nombre de réponses
Votre historique - résultats
Vous n’avez pas pris ce quiz